| 000 | 00703nam a2200301Ia 4500 | ||
|---|---|---|---|
| 005 | 20260401122246.0 | ||
| 008 | 008 250103s9999 xx 000 0 eng d | ||
| 020 | _a415067006 | ||
| 037 | _aTB | ||
| 040 | _aEDL | ||
| 040 | _beng | ||
| 040 | _cEDL | ||
| 041 | _2eng | ||
| 041 | _aeng | ||
| 084 | _a704.042 POL | ||
| 084 | _qEDL | ||
| 100 |
_aPollock, Griselda _91233032 |
||
| 245 | 0 | _aDifferencing the Canon: Feminist Desire and the Writing of Art's Histories | |
| 245 | 0 | _cPollock, Griselda | |
| 260 | _aLondon | ||
| 260 | _bRoutledge | ||
| 260 | _c1999 | ||
| 300 | _a345p | ||
| 942 | _cTB | ||
| 942 | _h704.042 POL | ||
| 999 |
_c1846017 _d1846017 |
||